01120cam a2200265 a 450000100100000000500170001000800410002704000230006804200110009108200190010210000430012124501680016426000480033230000210038049000230040150400730042465000560049765000320055370000320058570000350061783000310065291000340068395201220071799900150083900000810720200929154433.0880808s1987 cu b f000 0 spa c aDO-SdBNPcCtYdDLC alcnccp aB869.09bC871l1 aCoutinho, Carlos Nelson,d1943-92201510aLiteratura e ideología en Brasil :btres ensayos de crítica marxista /cCarlos Nelson Coutinho ; edición de César Ramos ; traducción de Julia Calzadilla. aLa Habana :bCasa de las Américas,c1987. a117 p. ;c23 cm.1 aCuadernos Casav32 aIncluye referencias bibliográficas y notas al pie de las páginas 4aLiteratura brazileñaxHistoria y crítica922016 4aEnsayos brazileños9220171 aRamos, César,eed.9133411 aCalzadilla, Julia,etr.922018 0aCuadernos Casa ;v3293339 aCatalogación por copia / LC 001052708MOaGRbGRcCTd2009-09-14iLF1l0oB869.09 C871lp8107-10r2020-06-25w2020-06-25y2ZPréstamo interno c7884d7884